000 00579nam a2200169 a 4500
008 120416s1981 ||||||||||||||||| || u
050 _aHF 5686.C8 Cas
100 _aCashin, James A
245 1 0 _aCost accounting
250 _aInternatio
260 _aAuckland
_bMcGraw-Hill
_c1981
300 _axvii, 854p. : ill.
350 _a0.00
650 0 _aACCOUNTING--HANDBOOKS, MANUALS, ETC
650 0 _aCOST ACCOUNTING
995 _D0.00
_FCBU-MAIN LIBRARY (Kitwe)
_H1
_I9.75
_M1
_UAVAILABLE
_ZMain Library Open Access Collection
999 _c38956
_d38956